| 000 | 00314nam a2200109 4500 | ||
|---|---|---|---|
| 999 |
_c9983 _d9983 |
||
| 008 | 180725b ||||| |||| 00| 0 eng d | ||
| 245 | _aUM Humss students top UPMin 2nd anthro tilt. | ||
| 260 |
_aDavao City _bSun Star Davao _cc2017 |
||
| 300 | _apage 11. | ||
| 650 | 0 |
_929474 _aUniversity of Mindanao. |
|
| 942 |
_2ddc _cPER |
||